Statistics for U.S State Capitals by Map

Click here to take the quiz!

General Stats

  • This quiz has been taken 19 times
  • The average score is 41 of 50

Answers on the Map

Answers color-coded by a green-red scale on the quiz's map according to % correct below.
 

Answer Stats

Answer% Correct
Juneau
100%
Sacremento
100%
Honolulu
94%
Little Rock
94%
Phoenix
94%
Tallahassee
94%
Albany
88%
Atlanta
88%
Baton Rouge
88%
Boise
88%
Carson City
88%
Columbus
88%
Denver
88%
Dover
88%
Indianapolis
88%
Nashville
88%
Oklahoma City
88%
Salem
88%
Annapolis
82%
Augusta
82%
Austin
82%
Bismarck
82%
Boston
82%
Des Moines
82%
Lansing
82%
Pierre
82%
Providence
82%
Raleigh
82%
Santa Fe
82%
Springfield
82%
Topeka
82%
Concord
76%
Frankfurt
76%
Harrisburg
76%
Helena
76%
Jackson
76%
Jefferson City
76%
Lincoln
76%
Montgomery
76%
Montpelier
76%
Olympia
76%
Saint Paul
76%
Salt Lake City
76%
Cheyenne
71%
Hartford
71%
Trenton
71%
Charleston
65%
Columbia
65%
Madison
65%
Richmond
65%

Score Distribution

Percentile by Number Answered

Percent of People with Each Score

Your Score History

You have not taken this quiz